| 000 | 00728nam a2200193 i 4500 | ||
|---|---|---|---|
| 001 | 53320 | ||
| 003 | ES-MaACL | ||
| 005 | 20250808034523.0 | ||
| 007 | t| | ||
| 008 | 950921s1875 it |||| | ita d | ||
| 080 | _a343.25 | ||
| 100 | 1 |
_aErcole, Pasquale d'. _947369 |
|
| 245 | 1 | 3 |
_aLa pena di morte e la sua abolizione _b: dichiarate teoricamente e storicamente secondo la filosofia hegeliana / _cper Pasquale D'Ercole. |
| 260 |
_aMilano ; _aNapoli : _bUlrico Hoepli, _c1875 ( _ePavia : _fcoi tipi dei Successori Bizzoni) |
||
| 300 |
_a293 p. ; _c20 cm. |
||
| 650 | 0 | 7 |
_aPena de muerte _2embne _915915 |
| 852 |
_aES-MaACL _jD-277(1) _z- Encuadernado con otras obras _z.- Donativo Lastres |
||
| 999 |
_c53320 _d53320 |
||